<?xml version="1.0" encoding="UTF-8"?>
<record
    xmlns:xsi="http://www.w3.org/2001/XMLSchema-instance"
    xsi:schemaLocation="http://www.loc.gov/MARC21/slim http://www.loc.gov/standards/marcxml/schema/MARC21slim.xsd"
    xmlns="http://www.loc.gov/MARC21/slim">

  <leader>01506nam0a2200301   4500</leader>
  <controlfield tag="001">RU\NLR\bibl\861814</controlfield>
  <controlfield tag="005">20260406115611.0</controlfield>
  <datafield tag="010" ind1=" " ind2=" ">
    <subfield code="a">5-86656-179-4</subfield>
    <subfield code="9">1000</subfield>
  </datafield>
  <datafield tag="021" ind1=" " ind2=" ">
    <subfield code="a">RU</subfield>
    <subfield code="b">2005-59172</subfield>
    <subfield code="9">2897</subfield>
  </datafield>
  <datafield tag="035" ind1=" " ind2=" ">
    <subfield code="a">(NLR Aleph) 000850489</subfield>
  </datafield>
  <datafield tag="090" ind1=" " ind2=" ">
    <subfield code="a">1476889</subfield>
    <subfield code="c">1476889</subfield>
  </datafield>
  <datafield tag="100" ind1=" " ind2=" ">
    <subfield code="a">20051027d2005    |||y0rusy50      ca</subfield>
  </datafield>
  <datafield tag="101" ind1="0" ind2=" ">
    <subfield code="a">rus</subfield>
  </datafield>
  <datafield tag="102" ind1=" " ind2=" ">
    <subfield code="a">RU</subfield>
  </datafield>
  <datafield tag="105" ind1=" " ind2=" ">
    <subfield code="a">ach |||||||||</subfield>
  </datafield>
  <datafield tag="200" ind1="1" ind2=" ">
    <subfield code="a">&#x41D;&#x435;&#x43F;&#x43E;&#x432;&#x442;&#x43E;&#x440;&#x438;&#x43C;&#x44B;&#x435; &#x447;&#x435;&#x440;&#x442;&#x44B; &#x442;&#x430;&#x43B;&#x430;&#x43D;&#x442;&#x430;</subfield>
    <subfield code="e">&#x411;&#x43E;&#x440;&#x438;&#x441; &#x412;&#x430;&#x441;&#x438;&#x43B;&#x44C;&#x435;&#x432;&#x438;&#x447; &#x41A;&#x443;&#x440;&#x447;&#x430;&#x442;&#x43E;&#x432;: &#x434;&#x43E;&#x43A;&#x443;&#x43C;&#x435;&#x43D;&#x442;&#x44B;, &#x432;&#x43E;&#x441;&#x43F;&#x43E;&#x43C;&#x438;&#x43D;&#x430;&#x43D;&#x438;&#x44F;, &#x438;&#x437;&#x431;&#x440;&#x430;&#x43D;&#x43D;&#x44B;&#x435; &#x43D;&#x430;&#x443;&#x447;&#x43D;&#x44B;&#x435; &#x442;&#x440;&#x443;&#x434;&#x44B;</subfield>
    <subfield code="f">&#x420;&#x43E;&#x441;. &#x43D;&#x430;&#x443;&#x447;. &#x446;&#x435;&#x43D;&#x442;&#x440; "&#x41A;&#x443;&#x440;&#x447;&#x430;&#x442;&#x43E;&#x432;&#x441;&#x43A;&#x438;&#x439; &#x438;&#x43D;-&#x442;"</subfield>
    <subfield code="g">&#x430;&#x432;&#x442;.-&#x441;&#x43E;&#x441;&#x442;. &#x438; &#x440;&#x435;&#x434;. &#x420;.&#x412;. &#x41A;&#x443;&#x437;&#x43D;&#x435;&#x446;&#x43E;&#x432;&#x430;</subfield>
  </datafield>
  <datafield tag="210" ind1=" " ind2=" ">
    <subfield code="a">&#x41C;&#x43E;&#x441;&#x43A;&#x432;&#x430;</subfield>
    <subfield code="c">&#x418;&#x437;&#x434;&#x410;&#x422;</subfield>
    <subfield code="d">2005</subfield>
  </datafield>
  <datafield tag="215" ind1=" " ind2=" ">
    <subfield code="a">749 &#x441;., [5] &#x43B;. &#x438;&#x43B;., &#x446;&#x432;. &#x438;&#x43B;., &#x43F;&#x43E;&#x440;&#x442;&#x440;.</subfield>
    <subfield code="c">&#x438;&#x43B;., &#x444;&#x430;&#x43A;&#x441;., &#x43F;&#x43E;&#x440;&#x442;&#x440;.</subfield>
    <subfield code="d">24</subfield>
  </datafield>
  <datafield tag="320" ind1=" " ind2=" ">
    <subfield code="a">&#x423;&#x43A;&#x430;&#x437;. &#x43E;&#x43F;&#x443;&#x431;&#x43B;. &#x442;&#x440;. &#x411;.&#x412;. &#x41A;&#x443;&#x440;&#x447;&#x430;&#x442;&#x43E;&#x432;&#x430;: &#x441;. 728-740</subfield>
  </datafield>
  <datafield tag="600" ind1=" " ind2="1">
    <subfield code="a">&#x41A;&#x443;&#x440;&#x447;&#x430;&#x442;&#x43E;&#x432;</subfield>
    <subfield code="b">&#x411;.&#x412;.</subfield>
    <subfield code="f">1905 - 1972</subfield>
    <subfield code="g">&#x411;&#x43E;&#x440;&#x438;&#x441; &#x412;&#x430;&#x441;&#x438;&#x43B;&#x44C;&#x435;&#x432;&#x438;&#x447;</subfield>
    <subfield code="9">2398136</subfield>
    <subfield code="3">RU\NLR\auth\661429696</subfield>
  </datafield>
  <datafield tag="686" ind1=" " ind2=" ">
    <subfield code="a">&#x413;13&#x433;(2)&#x41A;&#x443;&#x440;&#x447;&#x430;&#x442;&#x43E;&#x432;</subfield>
  </datafield>
  <datafield tag="702" ind1=" " ind2="1">
    <subfield code="4">220</subfield>
    <subfield code="8">rus</subfield>
    <subfield code="7">ca</subfield>
    <subfield code="a">&#x41A;&#x443;&#x437;&#x43D;&#x435;&#x446;&#x43E;&#x432;&#x430;</subfield>
    <subfield code="b">&#x420;. &#x412;.</subfield>
    <subfield code="c">&#x434;-&#x440; &#x438;&#x441;&#x442;&#x43E;&#x440;. &#x43D;&#x430;&#x443;&#x43A;</subfield>
    <subfield code="g">&#x420;&#x430;&#x438;&#x441;&#x430; &#x412;&#x430;&#x441;&#x438;&#x43B;&#x44C;&#x435;&#x432;&#x43D;&#x430;</subfield>
    <subfield code="3">RU\NLR\auth\7734154</subfield>
    <subfield code="9">17160</subfield>
  </datafield>
  <datafield tag="712" ind1="0" ind2="2">
    <subfield code="4">570</subfield>
    <subfield code="a">"&#x41A;&#x443;&#x440;&#x447;&#x430;&#x442;&#x43E;&#x432;&#x441;&#x43A;&#x438;&#x439; &#x438;&#x43D;&#x441;&#x442;&#x438;&#x442;&#x443;&#x442;", &#x440;&#x43E;&#x441;&#x441;&#x438;&#x439;&#x441;&#x43A;&#x438;&#x439; &#x43D;&#x430;&#x443;&#x447;&#x43D;&#x44B;&#x439; &#x446;&#x435;&#x43D;&#x442;&#x440;</subfield>
    <subfield code="3">RU\NLR\AUTH\8811853</subfield>
    <subfield code="9">296377</subfield>
  </datafield>
  <datafield tag="801" ind1=" " ind2="0">
    <subfield code="a">RU</subfield>
    <subfield code="b">NLR</subfield>
    <subfield code="c">20051027</subfield>
    <subfield code="g">rcr</subfield>
  </datafield>
  <datafield tag="801" ind1=" " ind2="1">
    <subfield code="a">RU</subfield>
    <subfield code="b">NLR</subfield>
    <subfield code="c">20051027</subfield>
  </datafield>
  <datafield tag="942" ind1=" " ind2=" ">
    <subfield code="c">BOOK</subfield>
  </datafield>
  <datafield tag="980" ind1=" " ind2=" ">
    <subfield code="a">NB</subfield>
  </datafield>
  <datafield tag="995" ind1=" " ind2=" ">
    <subfield code="5">2005-10-27</subfield>
    <subfield code="a">ad</subfield>
    <subfield code="b">NLR01</subfield>
    <subfield code="c">NLR01</subfield>
    <subfield code="e">RF3</subfield>
    <subfield code="f">2030763</subfield>
    <subfield code="k">2005-7/5475</subfield>
    <subfield code="o">0</subfield>
    <subfield code="r">BOOK</subfield>
    <subfield code="s">200575475_</subfield>
  </datafield>
  <datafield tag="995" ind1=" " ind2=" ">
    <subfield code="5">2005-10-27</subfield>
    <subfield code="a">ad</subfield>
    <subfield code="b">NLR01</subfield>
    <subfield code="c">NLR01</subfield>
    <subfield code="e">RF3</subfield>
    <subfield code="f">2030764</subfield>
    <subfield code="k">2005-7/5475</subfield>
    <subfield code="o">0</subfield>
    <subfield code="r">BOOK</subfield>
    <subfield code="s">200575475_</subfield>
  </datafield>
  <datafield tag="995" ind1=" " ind2=" ">
    <subfield code="5">2020-01-23</subfield>
    <subfield code="a">ab</subfield>
    <subfield code="b">NLR02</subfield>
    <subfield code="c">NLR02</subfield>
    <subfield code="e">UCHZ</subfield>
    <subfield code="f">1-3050857</subfield>
    <subfield code="k">&#x423; &#x413;13/&#x41D;-534</subfield>
    <subfield code="o">0</subfield>
    <subfield code="p">100.00</subfield>
    <subfield code="r">BOOK</subfield>
    <subfield code="s">_13534</subfield>
  </datafield>
</record>
